Vývoj svetovej obchodnej dominancie
Príspevok pojednáva o ekonomickej sile najväčších exportérov a importérov sveta z dvoch aspektov: z pohľadu ich umiestnenia v rebríčku podľa hodnoty dovozu a vývozu a z pohľadu počtu štátov, pre ktoré sú tieto dominantné ekonomiky v obchode prvoradé. Analyzuje vývoj a príčiny zmien postavenia jednot...
Salvato in:
| Autore principale: | |
|---|---|
| Natura: | Capitolo di libro |
| Lingua: | slovacco |
| Soggetti: | |
| Tags: |
Nessun Tag, puoi essere il primo ad aggiungerne!!
|
MARC
| LEADER | 00000nla a2200000 4500 | ||
|---|---|---|---|
| 001 | 0199051 | ||
| 005 | 20240502073349.7 | ||
| 041 | 0 | |a slo | |
| 044 | |a SK | ||
| 245 | 1 | 0 | |a Vývoj svetovej obchodnej dominancie |c Nóra Grančay |
| 520 | |a Príspevok pojednáva o ekonomickej sile najväčších exportérov a importérov sveta z dvoch aspektov: z pohľadu ich umiestnenia v rebríčku podľa hodnoty dovozu a vývozu a z pohľadu počtu štátov, pre ktoré sú tieto dominantné ekonomiky v obchode prvoradé. Analyzuje vývoj a príčiny zmien postavenia jednotlivých dominantných ekonomík vo svetovom obchode. V závere sú vyhodnotené zmeny v rozdelení sfér obchodného vplyvu na základe vývoja týchto dvoch indikátorov. | ||
| 610 | 2 | 0 | |a obchod svetový |
| 610 | 2 | 0 | |a dovoz |
| 610 | 2 | 0 | |a vývoz |
| 100 | 1 | |a Grančay, Nóra | |